000 00360 a2200157 4500
001 47565
020 _a978-85-61695-53-8
040 _cAnchieta - Aquarius
100 _aPotiguara, Eliane
240 1 0 _aO pássaro encantado
_lpor
245 1 0 _aO pássaro encantado
300 _a32p.
362 0 _a2014
650 4 _aLiteratura infanto-juvenil
942 _cBK
999 _c47565
_d47565